MDQL
is popping MORE tags! Check the
thread
!
Quizzes
Events
Quiz Creation
Community
Videos
Private Events
Remove Ads
Sign In
Join for FREE
Feedback
Dark Mode
Quiz Categories
Sports
Geography
Music
Movies
Television
Just For Fun
Miscellaneous
History
Literature
Language
Science
Gaming
Entertainment
Religion
Holiday
For Kids
Quiz Lab
Recent
Popular Today
Quiz Kudos Today
Editor Picks
Curator Picks
Quizzes by...
Day
Popularity
Type
Ratings
Length
Year
Community
Subscriptions
Recent Discussions
Orange Saloon
Badges
Playlists
Quests
Create
Leaderboards
Showdown
Live 5
Trivia Bingo
Activity
Puzzle Library
Sporcle Events
Private Events
Virtual Trivia
Globe League
Become a Host
Pub Owners
SporcleCon
Opinionation
Our Games
Videos
Blog
Mobile Apps
Partnerships
Remove Ads and Go Orange
Feedback
Sports
Athletes
MLB
NBA
NHL
NFL
Soccer
Sports Teams
WWE
NCAA
Football
Premier League
Basketball
Baseball
Hockey
Golf
Tennis
Cricket
Rugby
Auto Racing
Olympics
World Cup
Sports
Athletes
MLB
NBA
NHL
NFL
Soccer
Sports Teams
WWE
NCAA
Football
Premier League
Basketball
Baseball
Hockey
Golf
Tennis
Cricket
Rugby
Auto Racing
Olympics
World Cup
Random Quiz
Search Sporcle
×
Quiz Lab
Quiz Lab
Sports
NCAA
Type in answers that appear in a list
Type in answers that appear in a list
Classic
Best Score? Go Orange.
2nd Team All-Americans(basketball) Stats
Can you name the 2nd-team Consensus NCAA Basketball All-Americans?
By
badgersknights
10m
55 Questions
220 Plays
220 Plays
220 Plays
Comments
Comments
Give Quiz Kudos
Give Quiz Kudos
-
- Ratings
hide this ad
Replay
Link that replays current quiz
Next Quiz
Link to next quiz in quiz playlist
You Got
0%
They Got
Avg Score
44%
Avg Friend Score
Upgrade to see
Score Distribution
Jump to the score distribution portion of the page
Score
0/55
Timer
10:00
0
Plays Today
Year
Player
% Correct
2009
Luke Harangody
85.9%
2008
Luke Harangody
85.9%
2005
Deron Williams
83.2%
2008
Stephen Curry
80.9%
2007
Joakim Noah
72.7%
2007
Greg Oden
70.5%
2006
Dee Brown
70.5%
2009
Sherron Collins
66.8%
2003
Carmelo Anthony
65%
2009
Ty Lawson
63.6%
2005
Sean May
61.8%
2009
Hasheem Thabeet
57.7%
2007
Jared Dudley
56.8%
2006
Tyler Hansbrough
55.9%
2000
Shane Battier
54.5%
2000
Mateen Cleaves
52.7%
2008
Chris Lofton
50.5%
2007
Chris Lofton
50.5%
2002
David West
49.5%
2008
D.J. White
48.6%
2005
Luther Head
48.6%
2004
Luke Jackson
47.3%
2008
Roy Hibbert
46.8%
2003
Kyle Korver
46.8%
2004
Julius Hodge
46.4%
2000
Morris Peterson
46.4%
2004
Devin Harris
43.6%
2006
P.J. Tucker
42.7%
Year
Player
% Correct
2004
Josh Childress
41.4%
2009
Jodie Meeks
40%
2006
Allan Ray
39.5%
2003
Troy Bell
39.1%
2001
Troy Bell
39.1%
2009
Jeff Teague
38.6%
2001
Jason Richardson
38.6%
2007
Nick Fazekas
37.3%
2003
Hollis Price
37.3%
2002
Mike Dunleavy
37.3%
2001
Jamaal Tinsley
35.5%
2002
Jared Jeffries
34.5%
2006
Rudy Gay
34.1%
2002
Casey Jacobsen
33.2%
2005
Salim Stoudamire
31.4%
2008
Shan Foster
28.6%
2005
Ike Diogu
27.7%
2000
Scoonie Penn
26.4%
2003
Jason Gardner
21.4%
2001
Tayshaun Prince
21.4%
2006
Rodney Carney
19.5%
2006
Leon Powe
19.5%
2000
Stromile Swift
19.1%
2004
Blake Stepp
18.6%
2002
Sam Clancy
18.2%
2000
Courtney Alexander
11.8%
2001
Michael Bradley
7.3%
Quiz Playlist
Details
Report
Send in Message
Add To Playlist
Classic:
Type in answers that appear in a list
Last Updated: Feb 16, 2017
Quiz Scoreboard
CHALLENGE
Sign Up to Join the Scoreboard
Show All
Scores
Hide
Comments
May contain spoilers
Recently Published
Two Season TV Shows II
by 123Four
Television
10m
Image Sorting: Flags VI
by Barbecue
Geography
2m
Find the 'City' Movie
by crazypaving
Movies
60s
More to Explore
Quiz From the Vault
Featured Blog Post
14 Easter Pick-up Lines to Find Eggs With
hide this ad
You Might Also Like...
Tags
Basketball Quiz
NCAA Quiz
2nd
All-American
consensus
Player
team
Today's Top Quizzes in Sports
Browse Sports
hide this ad
Today's Top Quizzes in NCAA
Browse NCAA
Top Contributed Quizzes in Sports
1
Les meilleurs buteurs des matchs entre le PSG et l’OM
2
Les entraîneurs de l'OM et du PSG au 21e siècle
3
2022 World Cup Stars
4
Les joueurs passés par le PSG et l'OM
5
Players with Multiple 50 Home Run Seasons
6
FIFA Club World Cup Champions
7
Criteria MLB: Left Handed Sluggers
8
Les joueurs passés par le LOSC et le RC Lens
9
Top 10 NHL Goal Scorers of All Time
10
NBA Logic Puzzle 2.0
Explore More
Trending Topics
Disney
Anime
NBA
Marvel
Kpop
Harry Potter
Crossword
Soccer
WWE
Puzzle
Song
Country
NFL
The Office
Pokémon
hide this ad
More By:
badgersknights
Quiz
Plays
Rating
Category
Featured
Created
Leaders of Baseball
2,028
4.30
Sports
Feb 6, 2010
Colleges with no state
1,689
3.92
Sports
Jan 31, 2010
Tallest Cedar Point roller coasters
1,439
3.93
Just For Fun
Feb 7, 2010
Cities with Most Championships
1,056
2.75
Sports
Feb 17, 2010
Top 50 Fantasy Football Players
533
2.00
Sports
Feb 7, 2010
Go to Creator's Profile
Score Distribution
Quiz Creator Spotlight
badgersknights
Follow
Send a Message
Quizzes Created
-
Created Quiz Play Count
-
More By This Creator
Popular Quizzes Today
1
Find the US States - No Outlines Minefield
2
Colored Red Africa Blitz
3
Find the 'City' Movie
4
5x2 Blitz: Bands
5
The Countries of the World
6
Find the Countries of Europe - No Outlines Minefield
7
Find the US States
8
US States
More Sports Quizzes
Argentine Soccer Players
Published
Trending Quizzes
Colored Red Europe Blitz I
Colored Red Africa Blitz II
Colored Red Europe Blitz II
Even More Two Season TV Shows
Colored Red Africa Blitz III
Recently Updated
March Madness Men's Triple Doubles
pecheneg
How Do You Spell That?
pecheneg
Godzilla Movies
pecheneg
Grab Bag: 4-10 Letters
pecheneg
2024 March Madness Bracket
pecheneg
Famous TV Couples
Peacemaker
Champions League XIs: Real Madrid
pecheneg
Largest US Cities 1790-2010
pecheneg
Rides in Walt Disney World
pecheneg
Most Oscar Losses (Acting)
pecheneg
Trending Topics
Harry Potter
NBA
Crossword
Disney
Kpop
Anime
Marvel
NFL
Song
The Office
Soccer
WWE
Puzzle
Country
Pokémon
Your Account Isn't Verified!
In order to create a playlist on Sporcle, you need to verify the email address you used during registration. Go to your
Sporcle Settings
to finish the process.
Report this User
Report this user for behavior that violates our
Community Guidelines
.
Details:
Send Report
Go to the Sporcle.com Mobile Site →
Comments